| 000 | 00905nam a2200277Ia 4500 | ||
|---|---|---|---|
| 003 | OSt | ||
| 005 | 20221006154811.0 | ||
| 006 | a|||||r|||| 00| 0 | ||
| 007 | ta | ||
| 008 | 221006b |||||||| |||| 00| 0 eng d | ||
| 020 |
_a0804754292 _c¥ 3243 |
||
| 024 | _a39,329 | ||
| 037 |
_bGift, Japan Foundation _cTextual |
||
| 040 |
_aEASL _cEASL _beng |
||
| 041 |
_2eng _aeng |
||
| 082 | _aW6.42.P02, P6 | ||
| 100 |
_aPekkanen Robert Au. _9667525 |
||
| 245 | 0 |
_aJapan's dual civil society _bMembers without advocates |
|
| 260 |
_aStandford _bStandford University Press _c2006 |
||
| 300 |
_axvii,252p. _ccm. |
||
| 490 |
_v JEL _aContemporary issues in asia and the Pacific |
||
| 650 |
_a Association institutions-Japan _9667526 |
||
| 650 |
_aCivil society-Japan _9667527 |
||
| 942 |
_hW6.42.P02, P6 _cTEXL _2CC |
||
| 999 |
_c1107415 _d1107415 |
||